Włoskie kluby piłkarskie - nagła śmierć - Statystyki

Ogólne statystyki
  • Ten quiz został rozwiązany 200 razy
  • Średni wynik to 13 z 15
Answers on the Grid
Answers color-coded by a green-red scale on the quiz's grid according to % correct below.
Napoli
Verona
Milan
Olimpija Ljubljana
Rijeka
Maribor
Koper
Juventus
Inter Mediolan
Bologna
Monza
Cremonese
Salernitana
Benevento Calcio
Sassuolo Calcio
Dynamo Zagrzeb
Nicea
Monako
Udinese
Barcelona
Valencia
Mallorca
Como
Lecce
Cagliari
 
Statystyki odpowiedzi
Odpowiedź % Poprawnych
Napoli
97%
Milan
95%
Bologna
93%
Juventus
92%
Verona
92%
Inter Mediolan
90%
Benevento Calcio
88%
Cagliari
88%
Como
88%
Udinese
88%
Monza
87%
Sassuolo Calcio
87%
Salernitana
86%
Cremonese
85%
Lecce
82%
Nie znaleziono quizów pasujących do podanych kryteriów
Rozkład punktacji
Procent ludzi z każdym wynikiem
Percentyl według liczby udzielonych odpowiedzi
Twoja historia wyników
Nie rozwiązałeś tego quizu